Невротическая личность нашего времени: Самоанализ; пер. с англ.

Dades bibliogràfiques
Autor principal: Хорни К. Карен
Idioma:rus
Publicat: Москва, Прогресс, 1993
Matèries:
Format: Llibre
KOHA link:https://koha.lib.tpu.ru/cgi-bin/koha/opac-detail.pl?biblionumber=20852

MARC

LEADER 00000nam0a2200000 4500
001 20852
005 20231101205400.0
010 |a 501003803X 
035 |a (RuTPU)RU\TPU\book\21042 
035 |a BOOK00005731 
090 |a 20852 
100 |a 20011209d1993 k y0rusy50 ca 
101 1 |a rus  |c eng 
102 |a RU 
105 |a y z 000zy 
200 1 |a Невротическая личность нашего времени  |e Самоанализ  |e пер. с англ.  |f К. Хорни 
210 |a Москва  |c Прогресс  |d 1993 
215 |a 480 с. 
610 1 |a психология 
610 1 |a личность 
610 1 |a психоанализ 
610 1 |a неврозы 
610 1 |a самоанализ 
686 |a Ю932  |v LBC/SL-A  |2 rubbk 
700 1 |a Хорни  |b К.  |c американский психолог немецкого происхождения  |c психопатолог  |c одна из основателей неофрейдизма  |f 1885-1952  |g Карен  |2 stltpush  |3 (RuTPU)RU\TPU\pers\491  |9 234 
801 0 |a RU  |b 63413507  |c 20011209  |g PSBO 
801 2 |a RU  |b 63413507  |c 20120126  |g PSBO 
942 |c BK